Bangladesh economy : (Record no. 21970)

MARC details
000 -LEADER
fixed length control field 00855nam a2200277 i 4500
001 - CONTROL NUMBER
control field 2262129
003 - CONTROL NUMBER IDENTIFIER
control field BDDh-ASL
005 - DATE AND TIME OF LATEST TRANSACTION
control field 20231015030053.0
008 - FIXED-LENGTH DATA ELEMENTS--GENERAL INFORMATION
fixed length control field 780213s1977 ii b 000 0 eng
010 ## - LIBRARY OF CONGRESS CONTROL NUMBER
LC control number 77904661
020 ## - INTERNATIONAL STANDARD BOOK NUMBER
Terms of availability Tk55.00
040 ## - CATALOGING SOURCE
Original cataloging agency DLC
Transcribing agency DLC
Modifying agency DLC
-- BDDh-ASL
043 ## - GEOGRAPHIC AREA CODE
Geographic area code a-bg---
050 00 - LIBRARY OF CONGRESS CALL NUMBER
Classification number HC440.8
Item number .B355
082 00 - DEWEY DECIMAL CLASSIFICATION NUMBER
Classification number 330.5492
Item number BAN
245 00 - TITLE STATEMENT
Title Bangladesh economy :
Remainder of title problems and issues /
Statement of responsibility, etc. edited by A. M. A. Rahim ; with a foreword by Gustav F. Papanek.
250 ## - EDITION STATEMENT
Edition statement 1st ed.
260 ## - PUBLICATION, DISTRIBUTION, ETC.
Place of publication, distribution, etc. Dacca :
Name of publisher, distributor, etc. University Press,
Date of publication, distribution, etc. 1977.
300 ## - PHYSICAL DESCRIPTION
Extent viii, 286 p. ;
Dimensions 22 cm.
504 ## - BIBLIOGRAPHY, ETC. NOTE
Bibliography, etc. note Includes bibliographical references.
651 #0 - SUBJECT ADDED ENTRY--GEOGRAPHIC NAME
Geographic name Bangladesh
General subdivision Economic policy.
651 #0 - SUBJECT ADDED ENTRY--GEOGRAPHIC NAME
Geographic name Bangladesh
General subdivision Economic conditions.
700 1# - ADDED ENTRY--PERSONAL NAME
Personal name Rahim, A. M. A.
906 ## - LOCAL DATA ELEMENT F, LDF (RLIN)
a 7
b cbc
c orignew
d 4
e ncip
f 19
g y-gencatlg
942 ## - ADDED ENTRY ELEMENTS (KOHA)
Source of classification or shelving scheme Dewey Decimal Classification
Koha item type Books
Holdings
Withdrawn status Lost status Source of classification or shelving scheme Damaged status Not for loan Collection code Home library Current library Shelving location Date acquired Source of acquisition Total Checkouts Full call number Barcode Date last seen Copy number Price effective from Koha item type
    Dewey Decimal Classification     Non-fiction Asiatic Society Library Asiatic Society Library General Stacks 02/18/2021 ASB Collection   330.5492 BAN 106053 02/18/2021 C-1 02/18/2021 Books

Powered by Koha